Statistics for 2 Letter Scrabble Words (Longer Time, 5 min.)

Click here to take the quiz!

General Stats

  • This quiz has been taken 2,307 times
    (1,647 since last reset)
  • The average score is 71 of 104

Answer Stats

Answer% Correct
an
93%
at
93%
as
91%
be
91%
ad
90%
am
89%
ab
88%
do
88%
al
87%
bo
87%
ah
86%
aw
86%
aa
85%
ar
85%
ba
85%
bi
85%
ay
84%
ae
83%
ag
83%
ai
83%
ax
83%
in
83%
de
81%
go
81%
he
81%
hi
81%
it
81%
no
80%
ho
79%
me
79%
en
78%
is
78%
et
77%
on
77%
to
77%
el
76%
er
76%
fa
76%
ha
76%
lo
76%
em
75%
es
75%
la
74%
mo
74%
by
73%
eh
73%
ed
72%
ef
72%
ma
72%
fe
71%
if
71%
of
71%
so
71%
ex
70%
mi
70%
po
69%
na
68%
gi
67%
li
67%
pa
67%
pi
67%
my
66%
or
66%
we
65%
ne
64%
id
63%
jo
63%
re
63%
mu
62%
op
62%
pe
62%
oh
61%
ka
60%
nu
60%
ta
59%
te
59%
om
58%
si
58%
ti
58%
ki
57%
od
55%
os
55%
ow
55%
ox
55%
yo
54%
oi
53%
oy
52%
oe
51%
wo
51%
ye
51%
up
50%
ya
50%
un
49%
us
49%
za
49%
hm
48%
mm
43%
qi
43%
um
41%
ut
39%
xi
39%
uh
34%
xu
29%
sh
22%

Score Distribution

Percentile by Number Answered

Percent of People with Each Score

Your Score History

You have not taken this quiz since the last reset